KOHA-Header-6

Contemporary Financial Intermediation (Record no. 8803)

000 -LEADER
fixed length control field 00279nam a2200109Ia 4500
100 ## - MAIN ENTRY--AUTHOR NAME
Personal name Stuart I.Greenbaum
245 #0 - TITLE STATEMENT
Title Contemporary Financial Intermediation
260 ## - PUBLICATION, DISTRIBUTION, ETC. (IMPRINT)
Place of publication New Delhi
Name of publisher Prentice
Year of publication 2001
300 ## - PHYSICAL DESCRIPTION
Number of Pages 606
942 ## - ADDED ENTRY ELEMENTS (KOHA)
Koha item type Books
Holdings
Withdrawn status Lost status Collection code Permanent Location Current Location Shelving location Date acquired Full call number Accession Number Koha item type
    Finance MAJU MAJU Shelf No.A44 2019-09-14 658.5 3815 Finance

Powered by Koha